Statistics for Christmas in World Languages (Hard)

Click here to take the quiz!

General Stats

  • This quiz has been taken 20 times
  • The average score is 15 of 50

Answer Stats

Language% Correct
ChristmasEnglish, Somali, Hmong
100%
NavidadSpanish, Quechua
82%
NoëlFrench
76%
NataleItalian, Corsican
71%
圣诞节Chinese
59%
WeihnachtenGerman
59%
عيد الميلادArabic
53%
クリスマスJapanese
53%
크리스마스Korean
53%
ΧριστούγενναGreek
47%
РождествоRussian, Kazakh
47%
חַג הַמוֹלָדHebrew
41%
क्रिसमसHindi, Nepali, Dogri, Maithili, Sanskrit
41%
کریسمسPersian
41%
KerstmisDutch
35%
JouluFinnish
35%
JulNorwegian, Swedish, Danish
35%
NatalPortuguese, Javanese, Indonesian, Sudanese
35%
РіздвоUkrainian
35%
BožićCroatian, Bosnian, Montenegrin, Slovenian
29%
შობაGeorgian
29%
NollagIrish
29%
Boże NarodzeniePolish
29%
คริสต์มาสThai
29%
বড়দিনBengali
24%
KarácsonyHungarian
24%
បុណ្យណូអែលKhmer
24%
CrăciunRomanian
24%
БожићSerbian
24%
Giáng sinhVietnamese
24%
Սուրբ ԾնունդArmenian
18%
VánoceCzech
18%
JõuludEstonian
18%
БожиќMacedonian
18%
கிறிஸ்துமஸ்Tamil
18%
KersfeesAfrikaans
12%
КоледаBulgarian
12%
ZiemassvētkiLatvian
12%
KalėdosLithuanian
12%
ਕ੍ਰਿਸਮਸPunjabi
12%
VianoceSlovak
12%
KrishtlindjetAlbanian
6%
ገናAmharic
6%
JólinIcelandic
6%
MiladAzerbaijani
0%
PaskoFilipino, Cebuano
0%
KrismasMalay, Igbo, Ilocano, Krio
0%
KrismasiSwahili
0%
NoelTurkish, Kurdish
0%
KeresimesiYoruba
0%

Score Distribution

Percentile by Number Answered

Percent of People with Each Score

Your Score History

You have not taken this quiz